| 000 | 01034nam a22002057a 4500 | ||
|---|---|---|---|
| 003 | AM-YeHGA | ||
| 005 | 20250617153557.0 | ||
| 008 | 171107s1959 ru |||| |||| 00| 0 rrusdd | ||
| 040 | _aAM-YeHGA | ||
| 041 | 0 | _arus | |
| 245 | 0 | 0 |
_aРедкоземельные элементы : _b(Получение, анализ, применение) : [Сборник статей] / _cОтв. ред. Д.И. Рябчиков; АН СССР, Ин-т геохимии и аналит. химии им. В.И. Вернадского. |
| 260 |
_aМосква : _bИзд-во Акад. наук СССР, _c1959. |
||
| 300 |
_a331 с., _b4 л. ил. : ил. |
||
| 650 | 1 | 4 |
_aРедкоземельные элементы _vСборники |
| 700 | 1 |
_aРябчиков, Дмитрий Иванович _eред. _4edt |
|
| 710 | 2 | _aАкадемия наук СССР | |
| 710 | 2 | _aИнститут геохимии и аналитической химии им. В.И. Вернадского АН СССР | |
| 942 |
_2udc _cBK |
||
| 090 | _c396176 | ||
| 999 |
_c394141 _d394141 |
||